000 00674nam a2200193 a 4500
003 0
005 20250307093819.0
008 101011s19uu xx 00 eng d
050 _aPHS GV 706.5
_b.Su6 2010
100 _aSumayao, Rodello H.
245 _aSports preference and risk taking /
_cRodello H. Sumayao.
260 _aLas PiƱas City, Philippines :
_bSouthville International School and Colleges,
_c2010.
300 _a44 pages :
_billustrations ;
_c30 cm.
504 _aIncludes bibliographical references.
650 _aSports preferences
_xSocial aspects.
650 _aRisk-taking (Psychology).
650 _aAthletes
_xRisk-taking behavior.
942 _2lcc
_cPASS
999 _c98425
_d98425